Mississippi minstrel first-part, (Record no. 18270)

MARC details
000 -LEADER
fixed length control field 00576cam a22001931 4500
001 - CONTROL NUMBER
control field ca 36001397
003 - CONTROL NUMBER IDENTIFIER
control field DLC
005 - DATE AND TIME OF LATEST TRANSACTION
control field 20260227111143.0
008 - FIXED-LENGTH DATA ELEMENTS--GENERAL INFORMATION
fixed length control field 800409s1930 ilua 000 0 eng
010 ## - LIBRARY OF CONGRESS CONTROL NUMBER
LC control number ca 36001397
035 ## - SYSTEM CONTROL NUMBER
System control number (OCoLC)6182747
040 ## - CATALOGING SOURCE
Original cataloging agency DLC
Transcribing agency MsU
Modifying agency OCoLC
-- DLC
042 ## - AUTHENTICATION CODE
Authentication code premarc
050 00 - LIBRARY OF CONGRESS CALL NUMBER
Classification number PN4305.N6
Item number T3
100 1# - MAIN ENTRY--PERSONAL NAME
Personal name Tarbell, Harlan,
Dates associated with a name 1890-1960.
245 10 - TITLE STATEMENT
Title Mississippi minstrel first-part,
Remainder of title a complete routine for the circle,
Statement of responsibility, etc. by Harlan Tarbell.
260 ## - PUBLICATION, DISTRIBUTION, ETC.
Place of publication, distribution, etc. Chicago,
Name of publisher, distributor, etc. T.S. Denison & company,
Date of publication, distribution, etc. [c1930]
300 ## - PHYSICAL DESCRIPTION
Extent 49 p.
Other physical details diagr.
Dimensions 18 cm.

No items available.

Powered by Koha